|
|
|
|
| LEADER |
01427nam a22003614a 4500 |
| 001 |
EBC3000156 |
| 003 |
MiAaPQ |
| 005 |
20200520144314.0 |
| 006 |
m o d | |
| 007 |
cr cn||||||||| |
| 008 |
000424s2001 ctu sb 001 0 eng |
| 010 |
|
|
|z 00032797
|
| 020 |
|
|
|z 0313309612 (alk. paper)
|
| 035 |
|
|
|a (MiAaPQ)EBC3000156
|
| 035 |
|
|
|a (Au-PeEL)EBL3000156
|
| 035 |
|
|
|a (CaPaEBR)ebr5004449
|
| 035 |
|
|
|a (OCoLC)50321875
|
| 040 |
|
|
|a MiAaPQ
|c MiAaPQ
|d MiAaPQ
|
| 050 |
|
4 |
|a HC800
|b .C6663 2001
|
| 082 |
0 |
4 |
|a 338.96
|2 21
|
| 245 |
0 |
0 |
|a Contending issues in African development
|h [electronic resource] :
|b advances, challenges, and the future /
|c edited by Obioma M. Iheduru.
|
| 260 |
|
|
|a Westport, CT :
|b Greenwood Press,
|c 2001.
|
| 300 |
|
|
|a viii, 342 p.
|
| 490 |
1 |
|
|a Contributions in economics and economic history,
|x 0084-9235 ;
|v no. 219
|
| 504 |
|
|
|a Includes bibliographical references and index.
|
| 533 |
|
|
|a Electronic reproduction. Ann Arbor, MI : ProQuest, 2015. Available via World Wide Web. Access may be limited to ProQuest affiliated libraries.
|
| 651 |
|
0 |
|a Africa
|x Economic policy.
|
| 651 |
|
0 |
|a Africa
|x Social policy.
|
| 655 |
|
4 |
|a Electronic books.
|
| 700 |
1 |
|
|a Iheduru, Obioma M.
|
| 710 |
2 |
|
|a ProQuest (Firm)
|
| 830 |
|
0 |
|a Contributions in economics and economic history ;
|v no. 219.
|
| 856 |
4 |
0 |
|u https://ebookcentral.proquest.com/lib/matrademy/detail.action?docID=3000156
|z Click to View
|